|
|
|
|
| LEADER |
00000nab a2200000 a 4500 |
| 001 |
vtls008846966 |
| 003 |
SK-MaSNL |
| 005 |
20260303194225.0 |
| 008 |
060918 2006 xo w n 000 0 slo |
| 015 |
|
|
|a SNBRB2006/09
|2 sllk
|
| 038 |
|
|
|a SLLK
|
| 040 |
|
|
|a SLLK
|b slo
|c sllk
|e AACR2
|
| 041 |
0 |
|
|a slo
|
| 044 |
|
|
|a xo
|c SK
|
| 080 |
|
|
|a 792.071.2
|2 1997
|
| 245 |
0 |
0 |
|a Divadlo je rozprávanie o dobe, v ktorej žijeme
|b rozhovor so zakladateľom RND Stanislavom Ščepkom
|c Text a foto (eo)
|
| 300 |
|
|
|b Fotogr.
|
| 600 |
1 |
7 |
|a Štepka, Stanislav,
|d 1944-
|2 snkbucl
|9 88236
|
| 610 |
2 |
7 |
|a Radošinské naivné divadlo
|2 snkbucl
|9 31933
|
| 655 |
|
7 |
|a rozhovory
|2 snkbucl
|9 31831
|
| 700 |
1 |
|
|a Štepka, Stanislav,
|d 1944-
|4 ive
|9 88236
|
| 773 |
0 |
|
|t Ľubovnianske noviny
|g Roč. XXXII, č. 37 (2006), s. 2
|
| 852 |
|
|
|a SLLK
|b KIS3GCP
|
| 999 |
|
|
|c 2156513
|d 2158443
|